| 000 | 00371nam a2200133Ia 4500 | ||
|---|---|---|---|
| 008 | 220217s9999||||xx |||||||||||||| ||und|| | ||
| 020 | _a9788177584356 | ||
| 082 | _a005.43 HOL | ||
| 100 |
_aHollabaugh, Craig _92641 |
||
| 245 | 0 | _aEmbedded linux | |
| 260 |
_aPearson education of asia _bNew Delhi _c2014 |
||
| 300 |
_aVIII, 419p. _b525 |
||
| 650 | _aOperating systems | ||
| 999 |
_c185830 _d185830 |
||